000 00561nam a2200193Ia 4500
005 20250326144908.0
008 250326s9999 xx 000 0 und d
020 _a978-1-56327-343-8
037 _aTextbook
040 _aFMSL
_beng
_cFMSL
041 _aeng
_2eng
084 _aX:89Q8 P6
_qFMSL
100 _aNash M A
_9749037
245 0 _aUsing lean for fast six sigma results : synchronized approach
_cNash M A And Others
260 _aNY
_bNY, Productivity
_c2006
300 _a161p
942 _cTB
_hX:89Q8 P6
999 _c1305510
_d1305510